Las ovejas de San Juan : (Record no. 7944)

000 -CABECERA
fixed length control field 00957nam a22002177a 4500
003 - IDENTIFICADOR DEL NÚMERO DE CONTROL
control field AR-CdUCM
008 - DATOS DE LONGITUD FIJA--INFORMACIÓN GENERAL
fixed length control field 190321b ||||| |||| 00| 0 spa d
020 ## - NÚMERO INTERNACIONAL ESTÁNDAR DEL LIBRO
ISBN 9972-829-04-9
040 ## - FUENTE DE LA CATALOGACIÓN
Agencia/entidad que catalogó originalmente la obra MUNICIPALIDAD PROVINCIAL DEL CUSCO
Entidad que transcribió la catalogación BIBLIOTECA MUNICIPAL DEL CUSCO
082 ## - NÚMERO DE LA CLASIFICACIÓN DECIMAL DEWEY
No. de Clasificación 301 /
Notacion interna F962
100 ## - ENTRADA PRINCIPAL--NOMBRE DE PERSONA
Nombre Personal Fulcrand Terrisse, Bernardo
245 ## - MENCIÓN DE TÍTULO
Título Las ovejas de San Juan :
Resto del título Una visión histórica - antropológica de la introducción del ovino español y su repercusión en la sociedad rural andina /
260 ## - PUBLICACIÓN, DISTRIBUCIÓN, ETC.
Lugar de publicación, distribución, etc. Cusco :
Nombre de la editorial, distribuidor, etc. Dannys,
Fecha de publicación, distribución, etc. 2004.
300 ## - DESCRIPCIÓN FÍSICA
Nº de Páginas Extensión 506 páginas ;
Dimensiones 27 cm.
505 ## - NOTA DE CONTENIDO CON FORMATO
Nota de contenido formateada Contenido : Introducción -- Capitulo I : Introducción del ovino domestico en el continente americano -- Capitulo II : Introducción de los ovinos en el Perú .. Capitulo III : El ovino en la españa d los siglos XVI - XVIII ...
650 ## - PUNTO DE ACCESO ADICIONAL DE MATERIA--TÉRMINO DE MATERIA
Descriptor Historia
9 (RLIN) 136
650 ## - PUNTO DE ACCESO ADICIONAL DE MATERIA--TÉRMINO DE MATERIA
Descriptor Ovino
9 (RLIN) 22449
650 ## - PUNTO DE ACCESO ADICIONAL DE MATERIA--TÉRMINO DE MATERIA
Descriptor Antropología
9 (RLIN) 878
942 ## - ELEMENTOS DE PUNTO DE ACCESO ADICIONAL (KOHA)
Fuente de clasificación
Tipo de item Libros-BMC
945 ## - PROCESAMIENTO DE INFORMACIÓN LOCAL (OCLC)
Catalogador rah
Holdings
Estado de retiro (separado) Fuente de clasificación o esquema de estanterías Estado dañado Ubicación Sala donde se ubica Nombre de la colección Fecha de adquisición o compra Costo, precio normal en soles Signatura topográfica Código de Barras Última vez visto (Koha) Tipo de ítem (Koha)
No     Sala Humanidades Sala Humanidades Book Cart 2019-03-21 30.00 301 / F962 SH0000008562 2019-03-21 Libros-BMC
No     Sala Humanidades Sala Humanidades Book Cart 2019-03-21 30.00 301/F962/e.2 SH0000008563 2019-03-21 Libros-BMC

Powered by Koha